00749nam a2200253 i 4500001001100000003000500011005001700016008004100033020001500074040002500089082001900114090002300133100003100156245004100187264006300228300002900291336002100320337002500341338002300366650006600389700001100455942001000466999001900476C2-0224473PPAK20180728153002.0000423s1994 enk |||| ||||| | eng d a0852925557 aPPAKbengcPPAKerda04a658.31240422300a658.312404bKALdG1 aKalinaucks, Paul, eauthor10aCoaching : brealising the potential 1aLondon : bInstitute of Personnel and Development , c1994 avii, 152 pages ; c22 cm 2rdacontentatext 2rdamediaaunmediated 2rdacarrieravolume10aPhysical education and training ; Physical education teachers eauthor ddccB c145368d145368